=LDR 00000nam 2200000 4500 =001 INLIS000000000028567 =005 20130612130849 =008 ***********************************Ind** =035 ##$$0010-061300000028567 =041 ##$$a Ind =082 ##$$a 656.6 =090 ##$$a 656.6, And g =100 ##$$a Andoko, Agus =245 ##$$a Gold amadine, pipit tercantik di dunia, Agus Andoko =260 ##$$a 2003 $b Jakarta =300 ##$$a viii, 74 hlm, ilu, 24 cm =650 ##$$a Burung Hias =850 ##$$a NBPNMAT